00337nam a2200109Ia 4500008004100000082000800041100002400049245003400073942000600107952009900113999001500212240331s9999 xx 000 0 und d bSIN asahabhagithwaya. rd 0aSinhala and Tamil Dictionary  cL 001040708LaWERCLbWERCLcSSCd2024-03-31l0o 030.491 SINp6646r2024-03-31w2024-03-31yL c5776d5776